| 000 | 00829nam a2200217 a 4500 | ||
|---|---|---|---|
| 001 | 000036707 | ||
| 005 | 20200930075903.0 | ||
| 008 | 120125s1982 sp 000 0 spa d | ||
| 020 | _a8424900995 | ||
| 040 |
_aDO-SdBNP _bspa _cBNPHU |
||
| 082 |
_axxx _bJ54a |
||
| 100 | 1 |
_aSófocles _963003 |
|
| 245 | 1 | 0 |
_aTragedias : _bAyax, las traquinias, Antígona, Edipo rey, Electra, filoctetes, Edipo en Colono / _cSófocles ; introducción de José S. Lasso de la vega ; traducción de Assela Alamillo. |
| 260 |
_aMadrid : _bEditorial Gredos, _c1982. |
||
| 300 |
_a578 p. ; _c19 cm. |
||
| 490 | 1 |
_aBiblioteca clásica Gredos _v40 |
|
| 500 | _aIncluye notas al pie de las páginas. | ||
| 700 | 1 |
_aLasso de la vega, José S., _eintrod. _963004 |
|
| 700 | 1 |
_aAlamillo, Assela, _etr. _963005 |
|
| 830 | 0 |
_aBiblioteca clásica Gredos; _v40 _98642 |
|
| 999 |
_c36198 _d36198 |
||